000 00409nam a2200181Ia 4500
005 20240823061245.0
008 240823s9999||||xx |||||||||||||| ||und||
041 _aENGLISH
082 _A155.2 P9
100 _aVivekananda Kendram
245 0 _aValviyal Sinthanaikal
250 _a1st
260 _c2009
_bVivekananda Ke
500 _aYES
650 _aTamil
_bGeneral
942 _cBK
999 _c233087
_d233087